| 000 | 01216nam a2200241 a 4500 | ||
|---|---|---|---|
| 001 | 80987 | ||
| 003 | BD-RjUL | ||
| 005 | 20221219152927.0 | ||
| 008 | 221221s1982 ii 000 0 ara d | ||
| 035 | _a(BD-RjUL) 80987 | ||
| 040 |
_aCtY _cCtY _dUkOxU _beng |
||
| 041 | _aara | ||
| 082 |
_223 _a297.125 _bIBB 1982 |
||
| 100 | 1 |
_aابن حجر العسقلاني، أحمد بن علي. Ibn Ḥajar al-ʿAsqalānī, Aḥmad ibn ʿAlī, _d1372-1449. _96365 |
|
| 245 | 1 | 0 |
_aبلوغ المرام من أدلة الأحكام / Bulūgh al-marām min adillat al-aḥkām / _cلأبي الفضل أحمد بن حجر العسقلاني ؛ حقق أصوله وعلق عليه رضوان محمد رضوان. li-Abī al-Faḍl Aḥmad ibn Ḥajar al-ʿAsqalāni ; ḥaqqaqa uṣūlahu wa-ʿallaqa ʿalayhi Raḍwān Muḥammad Raḍwān. |
| 260 |
_aBenaras : : _bal mamiat al salfiat،, _c1982 |
||
| 300 |
_a470 p. ; _c25 cm. |
||
| 650 | 0 |
_aHadith _vTexts _vEarly works to 1800. _96366 |
|
| 650 | 0 |
_aIslamic law _vEarly works to 1800. _9667 |
|
| 700 | 1 |
_aرضوان، رضوان محمد. Raḍwān, Raḍwān Muḥammad. _96367 |
|
| 942 |
_2ddc _cBK |
||
| 999 |
_c80987 _d80987 |
||